Statistiques concernant Marvel - Films

Cliquez ici pour prendre le quiz!

Statistiques générales

  • Ce quiz a été pris 169 fois
  • Le résultat moyen est 50 sur 68

Statistiques - réponses

Sortie Film % Correct
2003Hulk
98%
1989Le Procès de l'incroyable Hulk
98%
2008L'incroyable Hulk
98%
2011Thor
98%
2013Thor : Le Monde des Ténèbres
98%
1988Le Retour de l'incroyable Hulk
98%
2017Thor : Ragnarok
98%
1977L'incroyable Hulk
98%
2012Avengers
97%
2010Iron Man 2
97%
2008Iron Man
97%
2013Iron Man 3
97%
2019Avengers : Endgame
97%
2015Avengers : L'ère d'Ultron
97%
2018Avengers : Infinity War
97%
2016Captain America : Civil War
96%
2011Captain America : First Avenger
96%
2014Captain America : Le Soldat de l'Hiver
96%
1979Captain America
96%
1979Captain America II : Death too Soon
96%
1990Captain America
96%
1979La Riposte de l'Homme Araignée
93%
1977L'Homme Araignée
93%
2017Spider-Man : Homecoming
93%
2012The Amazing Spider-Man
93%
2014The Amazing Spider-Man : Le Destin d'un Héros
93%
2007Spider-Man 3
93%
2019Spider-Man : Far From Home
93%
2002Spider-Man
93%
2004Spider-Man 2
93%
2018Black Panther
87%
2015Ant-Man
85%
2018Ant-Man et la Guêpe
85%
2019Captain Marvel
84%
2014Les Gardiens de la Galaxie
81%
2017Les Gardiens de la Galaxie Vol.2
81%
2017Logan
78%
2003X-Men 2
78%
2016Doctor Strange
78%
2016X-Men : Apocalypse
78%
2014X-Men : Days of Future Past
78%
2013Wolverine : Le Combat de l'Immortel
78%
1978Doctor Strange
78%
2009X-Men Origins : Wolverine
78%
2019X-Men : Dark Phoenix
78%
2006X-Men : L'Affrontement Final
78%
2011X-Men - Le Commencement
78%
2000X-Men
78%
2018Deadpool 2
56%
2016Deadpool
56%
2007Les 4 Fantastiques et le Surfeur d'Argent
53%
2015Les 4 Fantastiques
53%
2005Les 4 Fantastiques
53%
1994Les 4 Fantastiques
53%
2018Venom
41%
2003Daredevil
38%
2009Punisher : Zone de Guerre
29%
1989Punisher
29%
2004The Punisher
29%
2005Elektra
28%
2012Ghost Rider : L'Esprit de Vengeance
27%
2007Ghost Rider
27%
1998Blade
25%
2002Blade II
25%
2004Blade : Trinity
25%
1986Howard... une Nouvelle Race de Héros
12%
1998Nick Fury
12%
2005Man Thing
4%

Distribution des résultats

Percentile by Number Answered

% des personnes avec chaque résultat

Votre développement - résultats

Vous n’avez pas pris ce quiz